[Event "Hampshire Open"]
[Site "Fareham"]
[Date "2019.11.01"]
[Round "1"]
[White "Chandler, Cliff"]
[Black "Gregory, Keith DF"]
[Result "1-0"]
[WhiteElo "2264"]
[BlackElo "2000"]
[PlyCount "53"]
[EventDate "2019.11.01"]
[EventType "swiss"]
[EventRounds "6"]
[EventCountry "ENG"]
[SourceVersionDate "2019.11.10"]

1. e4 d6 2. d4 Nf6 3. Nc3 Nbd7 4. g4 h6 5. g5 hxg5 6. Bxg5 c6 7. Qd2 e5 8. Nge2 Be7 9. Bg2 Nh5 10. Bxe7 Qxe7 11. O-O-O Nf8 12. f4 Bg4 13. fxe5 dxe5 14. d5 Ng6 15. d6 Qd7 16. h3 Be6 17. Qg5 Qd8 18. Qe3 Qb6 19. Qg5 Qd8 20. Qd2 Qd7 21. Bf3 Nhf4 22. Ng3 Nh4 23. Bg4 g6 24. Qf2 f5 25. exf5 gxf5 26. Nh5 O-O-O 27. Qxa7 1-0

[Event "Hampshire Open"]
[Site "Fareham"]
[Date "2019.11.01"]
[Round "1"]
[White "Northcott, Paul"]
[Black "Pye, David E"]
[Result "0-1"]
[WhiteElo "1912"]
[BlackElo "2224"]
[PlyCount "64"]
[EventDate "2019.11.01"]
[EventType "swiss"]
[EventRounds "6"]
[EventCountry "ENG"]
[SourceVersionDate "2019.11.10"]

1. a3 g6 2. Nc3 d5 3. d4 Bg7 4. Bf4 Nf6 5. Nf3 O-O 6. e3 b6 7. Nb5 Ne8 8. c4 c6 9. Nc3 Bb7 10. cxd5 cxd5 11. Rc1 Nd7 12. h4 Ndf6 13. Ne5 Rc8 14. g4 Nd6 15. h5 Nfe4 16. hxg6 fxg6 17. Qf3 Bxe5 18. dxe5 Nf7 19. Qh3 Neg5 20. Bxg5 Nxg5 21. Qh6 d4 22. Qxg5 dxc3 23. Rd1 Qc7 24. Rh6 Be4 25. Bd3 c2 26. Bxc2 Qxc2 27. Rd2 Qb1+ 28. Rd1 Rc1 29. Rxg6+ hxg6 30. Qxg6+ Bxg6 31. Ke2 Rxd1 32. e4 Qd3# 0-1

[Event "Hampshire Open"]
[Site "Fareham"]
[Date "2019.11.01"]
[Round "1"]
[White "Gill, Oliver"]
[Black "Heath, David"]
[Result "1-0"]
[WhiteElo "2192"]
[BlackElo "1880"]
[PlyCount "81"]
[EventDate "2019.11.01"]
[EventType "swiss"]
[EventRounds "6"]
[EventCountry "ENG"]
[SourceVersionDate "2019.11.10"]

1. e4 d5 2. Nc3 d4 3. Nce2 e5 4. Ng3 Be6 5. Nf3 Nd7 6. b3 c6 7. Bc4 Bxc4 8. bxc4 g6 9. O-O Bg7 10. d3 Ngf6 11. Ng5 h6 12. Nh3 Qe7 13. f4 O-O-O 14. a4 exf4 15. Nxf4 h5 16. Nh3 Ng4 17. Bg5 f6 18. Bd2 Nde5 19. Nf4 Qe8 20. h3 Nh6 21. Rf2 h4 22. Nf1 f5 23. Qe2 Nhf7 24. exf5 gxf5 25. Nh5 Bf8 26. Rxf5 Bd6 27. Nf6 Qe6 28. Rf2 Be7 29. Ng4 Bd6 30. Rxf7 Qxf7 31. Nxe5 Qe6 32. Qg4 Qxg4 33. Nxg4 Rde8 34. Nf6 Re2 35. Ne4 Bc7 36. Re1 Rxe1 37. Bxe1 Bf4 38. Nh2 Be3+ 39. Kf1 Rf8+ 40. Nf3 Kd7 41. Bxh4 1-0

[Event "Hampshire Open"]
[Site "Fareham"]
[Date "2019.11.01"]
[Round "1"]
[White "Aubury, Ben"]
[Black "Chapman, Matt"]
[Result "1-0"]
[WhiteElo "1864"]
[BlackElo "2096"]
[PlyCount "67"]
[EventDate "2019.11.01"]
[EventType "swiss"]
[EventRounds "6"]
[EventCountry "ENG"]
[SourceVersionDate "2019.11.10"]

1. d4 d5 2. c4 c6 3. Nf3 Nf6 4. e3 Bf5 5. Nc3 e6 6. Nh4 Bg6 7. Be2 Bd6 8. g3 Nbd7 9. Qb3 Qc7 10. Nxg6 hxg6 11. cxd5 exd5 12. Bd2 Nf8 13. Rc1 Qe7 14. Qa4 Ne6 15. a3 O-O 16. h4 c5 17. Nb5 Ne4 18. Nxd6 Nxd2 19. dxc5 Nxc5 20. Rxc5 Nc4 21. Bxc4 dxc4 22. Rd5 Rfd8 23. Qd1 Rd7 24. Nf5 Qe4 25. Rxd7 Qxh1+ 26. Ke2 Qxd1+ 27. Kxd1 gxf5 28. Rxb7 g6 29. Kc2 a5 30. Kc3 Rc8 31. Rb5 Kg7 32. Rxa5 Rb8 33. Rc5 Rb3+ 34. Kc2 1-0

[Event "Hampshire Open"]
[Site "Fareham"]
[Date "2019.11.02"]
[Round "2"]
[White "Gill, Oliver"]
[Black "Chandler, Cliff"]
[Result "0-1"]
[WhiteElo "2192"]
[BlackElo "2264"]
[PlyCount "52"]
[EventDate "2019.11.01"]
[EventType "swiss"]
[EventRounds "6"]
[EventCountry "ENG"]
[SourceVersionDate "2019.11.10"]

1. e4 d5 2. exd5 Nf6 3. c4 e6 4. dxe6 Bxe6 5. Be2 Nc6 6. Nf3 Bc5 7. O-O Nd4 8. Nc3 O-O 9. Nxd4 Qxd4 10. Nb5 Qh4 11. d4 Rad8 12. Be3 c6 13. Qc2 cxb5 14. dxc5 Bxc4 15. Bxc4 bxc4 16. Rac1 Ng4 17. h3 Nxe3 18. fxe3 Qg5 19. Rf3 Qxc5 20. b3 b5 21. bxc4 bxc4 22. Qc3 Rfe8 23. Qxc4 Rd1+ 24. Kh2 Qe5+ 25. Rf4 Rxc1 26. Qxc1 g5 0-1

[Event "Hampshire Open"]
[Site "Fareham"]
[Date "2019.11.02"]
[Round "2"]
[White "Wilson, Jaimie"]
[Black "Williams, Robin"]
[Result "1-0"]
[WhiteElo "2144"]
[BlackElo "1936"]
[PlyCount "83"]
[EventDate "2019.11.01"]
[EventType "swiss"]
[EventRounds "6"]
[EventCountry "ENG"]
[SourceVersionDate "2019.11.10"]

1. e4 e5 2. Nf3 Nf6 3. d4 Nxe4 4. Bd3 d5 5. Nxe5 Be7 6. O-O O-O 7. Nc3 Nxc3 8. bxc3 Nd7 9. Nxd7 Bxd7 10. Re1 Bd6 11. Qh5 f5 12. Qf3 c6 13. Bf4 Qf6 14. Be5 Bxe5 15. Rxe5 Rae8 16. Rae1 g6 17. c4 Be6 18. Qe2 Bf7 19. cxd5 cxd5 20. c4 dxc4 21. Bxc4 Bxc4 22. Qxc4+ Qf7 23. d5 Rxe5 24. Rxe5 Rd8 25. g3 b6 26. Qe2 Kf8 27. Qd2 Qf6 28. Qd4 Kf7 29. Qc3 Rd7 30. f4 Qd6 31. Kg2 Rc7 32. Qd3 Qc5 33. Kh3 Rd7 34. Qb3 Rd6 35. Qa4 Qc8 36. Qxa7+ Qd7 37. Qa8 Qd8 38. Qa3 Kf6 39. Qa7 h5 40. Qb7 Qd7 41. Qb8 Qd8 42. Re6+ 1-0

[Event "Hampshire Open"]
[Site "Fareham"]
[Date "2019.11.02"]
[Round "2"]
[White "Mellor, Jessica"]
[Black "Lukosius, Rolandas"]
[Result "0-1"]
[WhiteElo "1848"]
[BlackElo "2096"]
[PlyCount "88"]
[EventDate "2019.11.01"]
[EventType "swiss"]
[EventRounds "6"]
[EventCountry "ENG"]
[SourceVersionDate "2019.11.10"]

1. e4 c5 2. Nc3 e6 3. f4 d5 4. Bb5+ Nc6 5. Bxc6+ bxc6 6. d3 Nf6 7. Nf3 Ba6 8. e5 Ng8 9. O-O Ne7 10. Qe1 Nf5 11. g4 Nd4 12. Nxd4 cxd4 13. Ne2 h5 14. gxh5 Rxh5 15. Ng3 Rh8 16. Qf2 Qh4 17. Qe2 g6 18. Rf2 c5 19. b3 Be7 20. Bd2 Rc8 21. c4 dxc3 22. Bxc3 d4 23. Bb2 Qh3 24. Raf1 Bh4 25. Rf3 Bxg3 26. Rxg3 Qh4 27. Qf2 Rh5 28. Rf3 Qe7 29. Ba3 Qd7 30. Qd2 Bb7 31. R3f2 Ke7 32. Qe2 Rh3 33. Rd1 Qd5 34. Rg2 Rch8 35. Bc1 Qxg2+ 36. Qxg2 Bxg2 37. Kxg2 Rxh2+ 38. Kf3 R8h3+ 39. Kg4 Rh4+ 40. Kf3 f5 41. exf6+ Kxf6 42. Bd2 Kf5 43. Be1 Rxf4+ 44. Kg3 Rh1 0-1

[Event "Hampshire Open"]
[Site "Fareham"]
[Date "2019.11.02"]
[Round "2"]
[White "Chapman, Matt"]
[Black "Northcott, Paul"]
[Result "1-0"]
[WhiteElo "2096"]
[BlackElo "1912"]
[PlyCount "61"]
[EventDate "2019.11.01"]
[EventType "swiss"]
[EventRounds "6"]
[EventCountry "ENG"]
[SourceVersionDate "2019.11.10"]

1. e4 c6 2. d4 d5 3. exd5 cxd5 4. c4 Nf6 5. Nc3 e6 6. Nf3 Bb4 7. cxd5 Nxd5 8. Qc2 Nc6 9. a3 Qa5 10. Bd2 Bd7 11. Bd3 h6 12. O-O Bxc3 13. bxc3 Qc7 14. c4 Nf4 15. d5 Ne5 16. Nxe5 Qxe5 17. Rfe1 Qd4 18. Bxf4 Qxf4 19. dxe6 Bxe6 20. Qa4+ Kd8 21. Be4 Qc7 22. Rab1 Bd7 23. Rbd1 Kc8 24. Bf5 b5 25. Qa6+ Kd8 26. Rxd7+ Qxd7 27. Bxd7 Kxd7 28. Qb7+ Kd6 29. Qd5+ Kc7 30. Re7+ Kb8 31. Qb7# 1-0

[Event "Hampshire Open"]
[Site "Fareham"]
[Date "2019.11.02"]
[Round "2"]
[White "Gregory, Keith DF"]
[Black "Heath, David"]
[Result "1/2-1/2"]
[WhiteElo "2000"]
[BlackElo "1880"]
[PlyCount "111"]
[EventDate "2019.11.01"]
[EventType "swiss"]
[EventRounds "6"]
[EventCountry "ENG"]
[SourceVersionDate "2019.11.10"]

1. Nf3 d5 2. c4 d4 3. e4 c5 4. d3 Nc6 5. Be2 e5 6. O-O Be7 7. b4 cxb4 8. a3 bxa3 9. Bxa3 Nf6 10. Qb3 O-O 11. Nbd2 Nd7 12. Bxe7 Qxe7 13. Rfb1 Nc5 14. Qa3 Re8 15. Nb3 Nxb3 16. Qxe7 Rxe7 17. Rxb3 Rb8 18. Nd2 Be6 19. Rb2 b6 20. Rab1 Rc8 21. Bd1 Na5 22. Ba4 Nb7 23. Bc2 Nc5 24. Ra1 f6 25. g3 g5 26. Ra3 Kg7 27. Kg2 h5 28. Bd1 Kg6 29. h3 Rf8 30. Be2 Bc8 31. Rba2 Rff7 32. Nb3 Nxb3 33. Rxb3 Rc7 34. Rba3 Rfe7 35. Bd1 g4 36. hxg4 hxg4 37. f4 gxf3+ 38. Bxf3 Kg5 39. Ra1 Rh7 40. R3a2 Be6 41. Rb2 f5 42. exf5 Bxf5 43. Re1 Rce7 44. Be4 Rhf7 45. Rbe2 Bg4 46. Rb2 Rf6 47. Rb5 Bd7 48. Rb2 Be8 49. Rbe2 Kg4 50. Bd5 Bg6 51. Rxe5 Rxe5 52. Rxe5 Bxd3 53. Be6+ Bf5 54. Re4+ Kg5 55. Bxf5 Rxf5 56. Rxd4 1/2-1/2

[Event "Hampshire Open"]
[Site "Fareham"]
[Date "2019.11.02"]
[Round "3"]
[White "Chandler, Cliff"]
[Black "Pye, David E"]
[Result "1-0"]
[WhiteElo "2264"]
[BlackElo "2224"]
[PlyCount "29"]
[EventDate "2019.11.01"]
[EventType "swiss"]
[EventRounds "6"]
[EventCountry "ENG"]
[SourceVersionDate "2019.11.10"]

1. e4 e6 2. d4 d5 3. Nc3 Nc6 4. Nf3 Nf6 5. e5 Ne4 6. Ne2 f6 7. Ng3 fxe5 8. Bb5 Nxg3 9. hxg3 Bd7 10. Bxc6 bxc6 11. Nxe5 Qf6 12. Qh5+ g6 13. Nxg6 O-O-O 14. Nxh8 Qxh8 15. Be3 1-0

[Event "Hampshire Open"]
[Site "Fareham"]
[Date "2019.11.02"]
[Round "3"]
[White "Lukosius, Rolandas"]
[Black "Wilson, Jaimie"]
[Result "1-0"]
[WhiteElo "2096"]
[BlackElo "2144"]
[PlyCount "69"]
[EventDate "2019.11.01"]
[EventType "swiss"]
[EventRounds "6"]
[EventCountry "ENG"]
[SourceVersionDate "2019.11.10"]

1. d4 e6 2. c4 Nf6 3. Nf3 b6 4. g3 Bb7 5. Bg2 Be7 6. O-O O-O 7. Nc3 Ne4 8. Qc2 Nxc3 9. Qxc3 c5 10. Qd3 d5 11. cxd5 Qxd5 12. Be3 cxd4 13. Qxd4 Nd7 14. Rfd1 Qxd4 15. Nxd4 Bxg2 16. Kxg2 Ne5 17. Rac1 Rac8 18. Nb5 Nc4 19. Nxa7 Nxe3+ 20. fxe3 Rxc1 21. Rxc1 Bc5 22. a3 Bxe3 23. Rc6 Ra8 24. Kf3 Bc5 25. b4 Rxa7 26. bxc5 Kf8 27. cxb6 Rxa3+ 28. Ke4 Rb3 29. Kd4 g5 30. g4 Ke7 31. Kc5 Kd8 32. Rc7 Rc3+ 33. Kd6 Rb3 34. Kc6 f5 35. Rxh7 1-0

[Event "Hampshire Open"]
[Site "Fareham"]
[Date "2019.11.02"]
[Round "3"]
[White "Marsh, Roger DW"]
[Black "Chapman, Matt"]
[Result "1/2-1/2"]
[WhiteElo "1936"]
[BlackElo "2096"]
[PlyCount "58"]
[EventDate "2019.11.01"]
[EventType "swiss"]
[EventRounds "6"]
[EventCountry "ENG"]
[SourceVersionDate "2019.11.10"]

1. d4 d5 2. c4 c6 3. cxd5 cxd5 4. Nc3 Nf6 5. Nf3 Nc6 6. e3 a6 7. a3 Bf5 8. Ne5 e6 9. Qa4 Qb6 10. Nxc6 bxc6 11. b4 Ne4 12. Nxe4 Bxe4 13. Bd2 Bd6 14. Rc1 Kd7 15. f3 Bg6 16. Be2 h5 17. O-O h4 18. h3 Bf5 19. Kh1 Rhc8 20. f4 g5 21. fxg5 Qd8 22. Qd1 Qxg5 23. e4 Qg3 24. e5 Rg8 25. Bf3 Be7 26. Be1 Qg5 27. Bd2 Qg3 28. Be1 Qg5 29. Bd2 Qg3 1/2-1/2

[Event "Hampshire Open"]
[Site "Fareham"]
[Date "2019.11.02"]
[Round "3"]
[White "Williams, Robin"]
[Black "Gregory, Keith DF"]
[Result "1/2-1/2"]
[WhiteElo "1936"]
[BlackElo "2000"]
[PlyCount "116"]
[EventDate "2019.11.01"]
[EventType "swiss"]
[EventRounds "6"]
[EventCountry "ENG"]
[SourceVersionDate "2019.11.10"]

1. e4 d6 2. d4 Nf6 3. Nc3 Nbd7 4. g4 h6 5. h3 e5 6. Nge2 c6 7. Bg2 Be7 8. O-O O-O 9. Ng3 Re8 10. Nf5 Bf8 11. h4 exd4 12. Nxd4 Nc5 13. f3 d5 14. exd5 Nxd5 15. Nxd5 Qxd5 16. Bf4 Ne6 17. Nxe6 Bxe6 18. Qxd5 Bxd5 19. Rfe1 Bc5+ 20. Kh2 Bd4 21. c3 Bf2 22. Rxe8+ Rxe8 23. Bg3 Re2 24. b3 b5 25. a4 a6 26. axb5 axb5 27. b4 Bxg3+ 28. Kxg3 Rc2 29. Ra8+ Kh7 30. Ra3 g5 31. hxg5 hxg5 32. Bf1 Kg7 33. Bd3 Rd2 34. Bf1 Kf6 35. Ra6 Ke5 36. Ra8 Rc2 37. Re8+ Be6 38. Bd3 Rxc3 39. Bf5 Rb3 40. Bxe6 fxe6 41. Rg8 Kf6 42. Rc8 Rxb4 43. Rxc6 Rb1 44. Rb6 b4 45. Rb5 b3 46. Rb4 b2 47. Kg2 Ke5 48. Re4+ Kd5 49. Rb4 Kc5 50. Rb8 Kd4 51. Rb7 Ke3 52. Rb3+ Ke2 53. Rb5 Kd3 54. Rb6 e5 55. Rb8 Ke3 56. Rb3+ Ke2 57. Rb5 Kd3 58. Rb8 Kc2 1/2-1/2

[Event "Hampshire Open"]
[Site "Fareham"]
[Date "2019.11.02"]
[Round "3"]
[White "Northcott, Paul"]
[Black "Mellor, Jessica"]
[Result "1-0"]
[WhiteElo "1912"]
[BlackElo "1848"]
[PlyCount "95"]
[EventDate "2019.11.01"]
[EventType "swiss"]
[EventRounds "6"]
[EventCountry "ENG"]
[SourceVersionDate "2019.11.10"]

1. h4 e5 2. h5 Nc6 3. c3 d5 4. Nf3 e4 5. Nd4 Nxd4 6. cxd4 Nf6 7. e3 Bg4 8. Qb3 Rb8 9. Qa4+ c6 10. h6 a6 11. hxg7 Bxg7 12. Nc3 Qd7 13. b4 O-O 14. Ba3 b5 15. Qb3 Qf5 16. Be2 Bxe2 17. Nxe2 Ng4 18. Nf4 Bxd4 19. Bb2 Bxb2 20. Qxb2 Ne5 21. Rh3 Ng6 22. O-O-O Nxf4 23. exf4 f6 24. Rdh1 Rf7 25. g3 Rc8 26. Rh5 Qd7 27. Rh6 Qd6 28. f5 c5 29. g4 cxb4+ 30. Kb1 Qe7 31. g5 fxg5 32. Rg6+ Rg7 33. f6 Rxg6 34. fxe7 Re8 35. Qe5 Rg7 36. Qxd5+ Kh8 37. Qxe4 Rgxe7 38. Rxh7+ Rxh7 39. Qxe8+ Kg7 40. d4 Kf6 41. Qe3 Kg6 42. d5 Rh1+ 43. Kb2 Rf1 44. Qe6+ Kg7 45. Qe2 Rh1 46. Qe5+ Kf7 47. d6 Rf1 48. Qf5+ 1-0

[Event "Hampshire Open"]
[Site "Fareham"]
[Date "2019.11.02"]
[Round "4"]
[White "Lukosius, Rolandas"]
[Black "Chandler, Cliff"]
[Result "0-1"]
[WhiteElo "2096"]
[BlackElo "2264"]
[PlyCount "70"]
[EventDate "2019.11.01"]
[EventType "swiss"]
[EventRounds "6"]
[EventCountry "ENG"]
[SourceVersionDate "2019.11.10"]

1. d4 d5 2. c4 Nc6 3. Nc3 Nf6 4. cxd5 Nxd5 5. e4 Nxc3 6. bxc3 e5 7. Nf3 exd4 8. cxd4 Bg4 9. Bb5 Bb4+ 10. Kf1 O-O 11. Bxc6 bxc6 12. Be3 Qe7 13. Qc2 c5 14. Ne5 cxd4 15. Bxd4 Qd6 16. Nxg4 Qxd4 17. Rd1 Qb6 18. h4 Rad8 19. Rh3 Qc5 20. Qe2 Rxd1+ 21. Qxd1 Qc4+ 22. Kg1 Qxe4 23. Re3 Qc4 24. a3 Bd6 25. h5 Rb8 26. g3 Qb5 27. h6 f5 28. Kh2 f4 29. Qd4 Qh5+ 30. Kg2 Qxg4 31. Qd5+ Kh8 32. Rb3 Rf8 33. hxg7+ Qxg7 34. Qh5 Qf7 35. Qd1 fxg3 0-1

[Event "Hampshire Open"]
[Site "Fareham"]
[Date "2019.11.02"]
[Round "4"]
[White "Heath, David"]
[Black "Chapman, Matt"]
[Result "0-1"]
[WhiteElo "1880"]
[BlackElo "2096"]
[PlyCount "98"]
[EventDate "2019.11.01"]
[EventType "swiss"]
[EventRounds "6"]
[EventCountry "ENG"]
[SourceVersionDate "2019.11.10"]

1. d4 d5 2. Nc3 Nf6 3. Bf4 c5 4. e3 cxd4 5. exd4 a6 6. Bd3 Nc6 7. Nge2 Bg4 8. f3 Bh5 9. Qd2 e6 10. a3 Bd6 11. Qe3 Bg6 12. Bg5 Bxd3 13. Qxd3 O-O 14. Ng3 h6 15. Be3 b5 16. O-O Na5 17. Nce2 Nc4 18. Bc1 Qc7 19. b3 Na5 20. c3 Nxb3 21. Ra2 Nxc1 22. Rxc1 Qc4 23. Qd2 Rfc8 24. Raa1 Nd7 25. f4 Nb6 26. Qe3 Qc7 27. Nh5 g6 28. Nf6+ Kg7 29. Ng4 Nc4 30. Qg3 h5 31. Ne5 Nxa3 32. Rf1 Nc4 33. Qd3 a5 34. Rf3 h4 35. Rh3 Be7 36. Nf3 Rh8 37. Qb1 Nd6 38. g4 hxg3 39. Rxh8 Rxh8 40. hxg3 Ne4 41. Qd3 b4 42. cxb4 axb4 43. Rc1 Qb7 44. Qb3 Ra8 45. Qb2 b3 46. Ra1 Rxa1+ 47. Qxa1 b2 48. Qb1 Qb3 49. Ne1 Nd2 0-1

[Event "Hampshire Open"]
[Site "Fareham"]
[Date "2019.11.02"]
[Round "4"]
[White "Mellor, Jessica"]
[Black "Aubury, Ben"]
[Result "1/2-1/2"]
[WhiteElo "1848"]
[BlackElo "1864"]
[PlyCount "75"]
[EventDate "2019.11.01"]
[EventType "swiss"]
[EventRounds "6"]
[EventCountry "ENG"]
[SourceVersionDate "2019.11.10"]

1. e4 c6 2. d4 d5 3. Nc3 dxe4 4. Nxe4 Nd7 5. Nf3 Ngf6 6. Nxf6+ Nxf6 7. Bd3 Bg4 8. c3 e6 9. h3 Bh5 10. Bf4 Bd6 11. Bxd6 Qxd6 12. g4 Bg6 13. Ne5 Bxd3 14. Qxd3 Rd8 15. O-O-O Nd7 16. Nxd7 Rxd7 17. Qe3 Qd5 18. a3 Kd8 19. Qe5 Qxe5 20. dxe5 Kc7 21. Rxd7+ Kxd7 22. Rd1+ Kc7 23. Kc2 Rd8 24. Rxd8 Kxd8 25. Kd3 Ke7 26. f4 g6 27. Ke4 h6 28. c4 Kd7 29. b4 b6 30. a4 a6 31. h4 b5 32. cxb5 cxb5 33. a5 Kc6 34. f5 exf5+ 35. gxf5 g5 36. e6 fxe6 37. fxe6 gxh4 38. Kf5 1/2-1/2

[Event "Hampshire Open"]
[Site "Fareham"]
[Date "2019.11.02"]
[Round "4"]
[White "Marsh, Roger DW"]
[Black "Northcott, Paul"]
[Result "1/2-1/2"]
[WhiteElo "1936"]
[BlackElo "1912"]
[PlyCount "35"]
[EventDate "2019.11.01"]
[EventType "swiss"]
[EventRounds "6"]
[EventCountry "ENG"]
[SourceVersionDate "2019.11.10"]

1. d4 c5 2. d5 e5 3. c4 Nf6 4. Nc3 d6 5. g3 Bf5 6. Bh3 Bxh3 7. Nxh3 Qd7 8. Ng1 Be7 9. Bg5 O-O 10. Bxf6 Bxf6 11. e4 Na6 12. Qe2 Nc7 13. Nf3 a6 14. O-O b5 15. Nd2 b4 16. Nd1 a5 17. Ne3 g6 18. h4 1/2-1/2

[Event "Hampshire Open"]
[Site "Fareham"]
[Date "2019.11.03"]
[Round "5"]
[White "Pye, David E"]
[Black "Lukosius, Rolandas"]
[Result "0-1"]
[WhiteElo "2224"]
[BlackElo "2096"]
[PlyCount "88"]
[EventDate "2019.11.01"]
[EventType "swiss"]
[EventRounds "6"]
[EventCountry "ENG"]
[SourceVersionDate "2019.11.10"]

1. e4 c5 2. Nc3 Nc6 3. Bb5 g6 4. Bxc6 dxc6 5. d3 e5 6. Be3 Nf6 7. h3 Nd7 8. Qd2 h6 9. Nge2 Bg7 10. O-O Qe7 11. a4 b6 12. Kh2 Nf8 13. Nb1 Ne6 14. Na3 Ba6 15. b3 f5 16. f3 f4 17. Bf2 g5 18. g4 fxg3+ 19. Nxg3 Nd4 20. Kg2 O-O 21. Bxd4 cxd4 22. Nf5 Qc7 23. h4 Bc8 24. Nxg7 Qxg7 25. hxg5 hxg5 26. Rf2 Rf4 27. Rg1 Be6 28. Qe2 Raf8 29. Nb1 g4 30. Kh1 g3 31. Rxg3 Qxg3 32. Rg2 Rxf3 33. Nd2 Re3 34. Qd1 Qxg2+ 35. Kxg2 Rf7 36. Qh5 Rg7+ 37. Kf2 Rf7+ 38. Kg2 Rg7+ 39. Kf2 Bg4 40. Qe8+ Kh7 41. Nc4 Re2+ 42. Kf1 Rh2 43. Qxe5 Bh3+ 44. Ke1 Rg1# 0-1

[Event "Hampshire Open"]
[Site "Fareham"]
[Date "2019.11.03"]
[Round "5"]
[White "Chapman, Matt"]
[Black "Williams, Robin"]
[Result "1-0"]
[WhiteElo "2096"]
[BlackElo "1936"]
[PlyCount "107"]
[EventDate "2019.11.01"]
[EventType "swiss"]
[EventRounds "6"]
[EventCountry "ENG"]
[SourceVersionDate "2019.11.10"]

1. e4 e5 2. Nf3 Nf6 3. Nxe5 d6 4. Nf3 Nxe4 5. Nc3 Nxc3 6. dxc3 Be7 7. Be3 O-O 8. Qd2 Nc6 9. O-O-O Ne5 10. h4 Bg4 11. Be2 Qe8 12. Nxe5 Bxe2 13. Qxe2 dxe5 14. Qg4 Kh8 15. Kb1 Bd6 16. Qf5 Qc8 17. g4 Qxf5 18. gxf5 b6 19. h5 f6 20. Rdg1 Rf7 21. Rg4 Rd8 22. Rhg1 h6 23. a4 a5 24. Rd1 Rfd7 25. b4 Be7 26. Rxd7 Rxd7 27. Kc1 c5 28. bxa5 bxa5 29. c4 Rb7 30. Bd2 Bd8 31. Rg3 Be7 32. Rb3 Rxb3 33. cxb3 Bd8 34. Kc2 e4 35. Bf4 Kg8 36. Bd6 Bb6 37. Kd2 g6 38. fxg6 f5 39. Ke3 Bd8 40. Kf4 Bg5+ 41. Kxf5 e3 42. fxe3 Bxe3 43. Bf4 Bd4 44. Bxh6 Bc3 45. Bg5 Bd4 46. h6 Bg7 47. hxg7 Kxg7 48. Bf6+ Kg8 49. Bc3 Kf8 50. Kf6 Kg8 51. g7 Kh7 52. Kf7 Kh6 53. g8=Q Kh5 54. Qg3 1-0

[Event "Hampshire Open"]
[Site "Fareham"]
[Date "2019.11.03"]
[Round "5"]
[White "Wilson, Jaimie"]
[Black "Aubury, Ben"]
[Result "1-0"]
[WhiteElo "2144"]
[BlackElo "1864"]
[PlyCount "53"]
[EventDate "2019.11.01"]
[EventType "swiss"]
[EventRounds "6"]
[EventCountry "ENG"]
[SourceVersionDate "2019.11.10"]

1. e4 c6 2. d4 d5 3. Nd2 dxe4 4. Nxe4 Nd7 5. Nf3 Ngf6 6. Ng3 e6 7. Bd3 Bd6 8. O-O b6 9. b3 Bb7 10. Bb2 Qc7 11. Re1 O-O 12. Ne5 c5 13. Nxd7 Nxd7 14. dxc5 Nxc5 15. Bxh7+ Kxh7 16. Qh5+ Kg8 17. Bxg7 Kxg7 18. Qg5+ Kh7 19. Nf5 f6 20. Qh6+ Kg8 21. Qg6+ Kh8 22. Re3 Qh7 23. Rh3 Bxh2+ 24. Rxh2 Qxh2+ 25. Kxh2 exf5 26. Rh1 Ne4 27. Kg1# 1-0

[Event "Hampshire Open"]
[Site "Fareham"]
[Date "2019.11.03"]
[Round "5"]
[White "Gregory, Keith DF"]
[Black "Marsh, Roger DW"]
[Result "1/2-1/2"]
[WhiteElo "2000"]
[BlackElo "1936"]
[PlyCount "33"]
[EventDate "2019.11.01"]
[EventType "swiss"]
[EventRounds "6"]
[EventCountry "ENG"]
[SourceVersionDate "2019.11.10"]

1. Nf3 g6 2. g3 Bg7 3. Bg2 e5 4. d3 d6 5. O-O f5 6. c4 Nf6 7. Nc3 O-O 8. Rb1 a5 9. a3 Nh5 10. Bd2 f4 11. b4 axb4 12. axb4 Bg4 13. b5 Nd7 14. Qc2 Nc5 15. Ra1 Rxa1 16. Rxa1 g5 17. Rf1 1/2-1/2

[Event "Hampshire Open"]
[Site "Fareham"]
[Date "2019.11.03"]
[Round "6"]
[White "Chapman, Matt"]
[Black "Chandler, Cliff"]
[Result "1/2-1/2"]
[WhiteElo "2096"]
[BlackElo "2264"]
[PlyCount "26"]
[EventDate "2019.11.01"]
[EventType "swiss"]
[EventRounds "6"]
[EventCountry "ENG"]
[SourceVersionDate "2019.11.10"]

1. e4 d5 2. exd5 Nf6 3. Bb5+ Bd7 4. Bc4 Bg4 5. f3 Bf5 6. Nc3 c6 7. dxc6 Nxc6 8. Nge2 Qb6 9. d3 O-O-O 10. Bd2 Ne5 11. Ng3 Nxc4 12. Nxf5 Qe6+ 13. Qe2 Nxd2 1/2-1/2

[Event "Hampshire Open"]
[Site "Fareham"]
[Date "2019.11.03"]
[Round "6"]
[White "Wilson, Jaimie"]
[Black "Pye, David E"]
[Result "0-1"]
[WhiteElo "2144"]
[BlackElo "2224"]
[PlyCount "112"]
[EventDate "2019.11.01"]
[EventType "swiss"]
[EventRounds "6"]
[EventCountry "ENG"]
[SourceVersionDate "2019.11.10"]

1. Nf3 d5 2. e3 c5 3. b3 Nc6 4. Bb2 Nf6 5. Bb5 Bd7 6. O-O e6 7. c4 a6 8. Bxc6 Bxc6 9. Ne5 Bd6 10. Nxc6 bxc6 11. Qc2 Qc7 12. f4 O-O-O 13. cxd5 cxd5 14. Nc3 Kb7 15. Na4 Rc8 16. Rac1 Qe7 17. Be5 Nd7 18. Bxd6 Qxd6 19. Qb2 f6 20. Qa3 Rc6 21. d4 cxd4 22. Qxd6 Rxd6 23. exd4 Rc8 24. Rxc8 Kxc8 25. Rc1+ Kb7 26. Kf2 e5 27. Nc5+ Nxc5 28. dxc5 Re6 29. f5 Re7 30. b4 Kc6 31. Ke3 Ra7 32. Kd3 a5 33. a3 axb4 34. axb4 Kb5 35. c6 Rc7 36. Rc5+ Kxb4 37. Rxd5 Rxc6 38. Rd7 g6 39. Rb7+ Kc5 40. Rxh7 gxf5 41. Rh5 Rd6+ 42. Ke3 f4+ 43. Ke4 Kc4 44. Rf5 Rd4+ 45. Kf3 Rd3+ 46. Kf2 Rd6 47. g3 fxg3+ 48. hxg3 Kd3 49. Rf3+ Kd4 50. Ra3 Rc6 51. Kf3 Rc3+ 52. Rxc3 Kxc3 53. Ke3 f5 54. Ke2 Kd4 55. Kd2 e4 56. Ke2 e3 0-1

[Event "Hampshire Open"]
[Site "Fareham"]
[Date "2019.11.03"]
[Round "6"]
[White "Heath, David"]
[Black "Marsh, Roger DW"]
[Result "1/2-1/2"]
[WhiteElo "1880"]
[BlackElo "1936"]
[PlyCount "43"]
[EventDate "2019.11.01"]
[EventType "swiss"]
[EventRounds "6"]
[EventCountry "ENG"]
[SourceVersionDate "2019.11.10"]

1. d4 g6 2. Nc3 Bg7 3. Bf4 d6 4. e3 Nd7 5. Bd3 e5 6. dxe5 dxe5 7. Bg3 Ne7 8. Nf3 O-O 9. e4 c6 10. O-O Qc7 11. Qe2 Nc5 12. Rad1 Bg4 13. Qe3 Ne6 14. Be2 Bxf3 15. Bxf3 b6 16. Ne2 Rfd8 17. c3 Rxd1 18. Rxd1 Rd8 19. Rd2 g5 20. h4 h6 21. Bg4 Nf4 22. hxg5 1/2-1/2

[Event "Hampshire Open"]
[Site "Fareham"]
[Date "2019.11.03"]
[Round "6"]
[White "Williams, Robin"]
[Black "Mellor, Jessica"]
[Result "1/2-1/2"]
[WhiteElo "1936"]
[BlackElo "1848"]
[PlyCount "92"]
[EventDate "2019.11.01"]
[EventType "swiss"]
[EventRounds "6"]
[EventCountry "ENG"]
[SourceVersionDate "2019.11.10"]

1. e4 e5 2. Nf3 Nc6 3. Bc4 Nf6 4. O-O Bc5 5. d4 Nxd4 6. Nxe5 d5 7. exd5 Nf5 8. Bb5+ Bd7 9. Nxd7 Nxd7 10. Re1+ Ne7 11. Qg4 Rg8 12. Bg5 a6 13. Bd3 Nf8 14. Nc3 Nfg6 15. Rad1 f6 16. Bxg6+ hxg6 17. Qe6 Kf8 18. Ne4 Bd6 19. Nxd6 Qxd6 20. Bf4 Qxe6 21. Rxe6 Kf7 22. c4 c6 23. Rde1 Rge8 24. dxc6 Nxc6 25. Rxe8 Rxe8 26. Rxe8 Kxe8 27. f3 g5 28. Bd2 Ne5 29. b3 Kd7 30. Kf2 b5 31. cxb5 axb5 32. a4 Kc6 33. axb5+ Kxb5 34. Ke3 Kc5 35. Bc3 Nd7 36. Kd3 Kd5 37. Bd4 g6 38. b4 f5 39. b5 Kd6 40. Kc4 g4 41. f4 Ke6 42. b6 Kd6 43. b7 Kc6 44. Be5 Nxe5+ 45. fxe5 Kxb7 46. Kd5 Kc7 1/2-1/2